The voyages of Sir James Lancaster, Kt., to the East Indies with abstracts of journals of voyages to the East Indies during the seventeenth century, preserved in the India Office, and the voyage of Captain John Knight (1606) to seek the North-West passage /
محفوظ في:
| مؤلفون مشاركون: | , |
|---|---|
| مؤلفون آخرون: | |
| التنسيق: | الكتروني كتاب الكتروني |
| اللغة: | الإنجليزية |
| منشور في: |
Surrey [England] :
Ashgate,
2010.
|
| سلاسل: | Works issued by the Hakluyt Society ;
no. 56. |
| الموضوعات: | |
| الوصول للمادة أونلاين: | An electronic book accessible through the World Wide Web; click to view |
| الوسوم: |
لا توجد وسوم, كن أول من يضع وسما على هذه التسجيلة!
|
MARC
| LEADER | 00000nam a2200000 a 4500 | ||
|---|---|---|---|
| 001 | 0000127160 | ||
| 005 | 20171002060824.0 | ||
| 006 | m u | ||
| 007 | cr cn||||||||| | ||
| 008 | 101208r20101877enk sb 001 0deng d | ||
| 020 | |z 9781409413233 (hardback) | ||
| 020 | |z 9781409415626 (e-book) | ||
| 035 | |a (CaPaEBR)ebr10424636 | ||
| 035 | |a (OCoLC)694144921 | ||
| 040 | |a CaPaEBR |c CaPaEBR | ||
| 043 | |a az----- |a as----- | ||
| 050 | 1 | 4 | |a G161 |b .V69 2010eb |
| 245 | 0 | 4 | |a The voyages of Sir James Lancaster, Kt., to the East Indies |h [electronic resource] : |b with abstracts of journals of voyages to the East Indies during the seventeenth century, preserved in the India Office, and the voyage of Captain John Knight (1606) to seek the North-West passage / |c edited by Clements R. Markham. |
| 260 | |a Surrey [England] : |b Ashgate, |c 2010. | ||
| 300 | |a 1 v. (various pagings). | ||
| 490 | 1 | |a Works issued by the Hakluyt Society ; |v no. 56 | |
| 500 | |a Reprint. Originally published: London, 1877. | ||
| 504 | |a Includes bibliographical references and index. | ||
| 533 | |a Electronic reproduction. |b Palo Alto, Calif. : |c ebrary, |d 2011. |n Available via World Wide Web. |n Access may be limited to ebrary affiliated libraries. | ||
| 600 | 1 | 0 | |a Lancaster, James, |c Sir, |d d. 1618 |x Travel. |
| 600 | 1 | 0 | |a Knight, John, |d d. 1606. |
| 610 | 2 | 0 | |a East India Company. |
| 650 | 0 | |a Voyages and travels. | |
| 650 | 0 | |a Civilization, Modern |y 17th century. | |
| 651 | 0 | |a East Indies |x Description and travel. | |
| 651 | 0 | |a Northwest Passage. | |
| 655 | 7 | |a Electronic books. |2 local | |
| 700 | 1 | |a Markham, Clements R. | |
| 710 | 2 | |a Hakluyt Society. | |
| 710 | 2 | |a ebrary, Inc. | |
| 830 | 0 | |a Works issued by the Hakluyt Society ; |v no. 56. | |
| 856 | 4 | 0 | |u http://site.ebrary.com/lib/daystar/Doc?id=10424636 |z An electronic book accessible through the World Wide Web; click to view |
| 908 | |a 170314 | ||
| 942 | 0 | 0 | |c EB |
| 999 | |c 116309 |d 116309 | ||